| 000 | 00479nam a2200169 a 4500 | ||
|---|---|---|---|
| 001 | 3045 | ||
| 005 | 20140414131905.0 | ||
| 008 | 060131s19uu xx 00 eng d | ||
| 020 | _a0-439-16944-5 | ||
| 050 |
_aFIC _bW52 2000 |
||
| 100 | _aDewin, Howard | ||
| 245 |
_aPokemon: the four-star challenge / _cadapted by Howard Dewin. |
||
| 260 |
_aNew York : _bScholastic, _c2000. |
||
| 300 | _a86 p. : ill. ; cm. | ||
| 650 |
_aAdventure and adventures _xFiction. |
||
| 999 |
_c110886 _d110886 |
||